Inhomogeneous waves in solids and fluids (Record no. 18830)

MARC details
000 -LEADER
fixed length control field 00628nam a2200205Ia 4500
003 - CONTROL NUMBER IDENTIFIER
control field IN-BaIIA
008 - FIXED-LENGTH DATA ELEMENTS--GENERAL INFORMATION
fixed length control field 211028s9999 xx 000 0 eng d
020 ## - INTERNATIONAL STANDARD BOOK NUMBER
International Standard Book Number 978-981-02-0804-2
040 ## - CATALOGING SOURCE
Transcribing agency IIA Library
080 ## - UNIVERSAL DECIMAL CLASSIFICATION NUMBER
Universal Decimal Classification number 532.59
Item number CAV
100 ## - MAIN ENTRY--PERSONAL NAME
Personal name Caviglia, Giacomo
9 (RLIN) 35995
245 #0 - TITLE STATEMENT
Title Inhomogeneous waves in solids and fluids
Statement of responsibility, etc. Giacomo Caviglia and Angelo Morro
260 ## - PUBLICATION, DISTRIBUTION, ETC.
Place of publication, distribution, etc. Singapore
Name of publisher, distributor, etc. World Scientific
Date of publication, distribution, etc. 1992
300 ## - PHYSICAL DESCRIPTION
Extent xii, 301p.
490 ## - SERIES STATEMENT
Series statement Series in theoretical and applied mechanics; 7
650 ## - SUBJECT ADDED ENTRY--TOPICAL TERM
Topical term or geographic name entry element Inhomogeneous waves
9 (RLIN) 35996
650 ## - SUBJECT ADDED ENTRY--TOPICAL TERM
Topical term or geographic name entry element Radio physics
9 (RLIN) 11098
700 ## - ADDED ENTRY--PERSONAL NAME
Personal name Morro, Angelo
9 (RLIN) 35997
942 ## - ADDED ENTRY ELEMENTS (KOHA)
Koha item type Books
Holdings
Withdrawn status Lost status Damaged status Not for loan Home library Current library Shelving location Date acquired Source of acquisition Cost, normal purchase price Total Checkouts Full call number Barcode Date last seen Cost, replacement price Price effective from Koha item type Purchase Price
        IIA Library-Bangalore IIA Library-Bangalore General Stacks 09/12/2013 PBPL 5245.00   532.59/ CAV 19752 05/11/2021 5245.00 09/12/2013 Books Rs. 5245.00

Powered by Koha